Piłka nożna - powiązania - kółko i krzyżyk #4 - Statystyki

Ogólne statystyki
  • Ten quiz został rozwiązany 392 razy
  • Średni wynik to 4 z 9
Statystyki odpowiedzi
Hint Odpowiedź % Poprawnych
BVB/Bayern Lewandowski | Hummels | Reuter | Gotze | Perisic | Sabitzer | Sule | Rode | Kovac | Guerreiro | Frings | Can
88%
Górnik/Bayern Podolski
71%
BVB/Japonia Kagawa | Maruoka
65%
Milan/Japonia Honda
40%
BVB/OM Aubameyang | Batshuayi | Balerdi
35%
Górnik/OM Milik
29%
Milan/OM Ba | Balotelli | Desailly | Flamini | Ocampos | Papin | Rami | Taiwo | Weah
23%
Milan/Bayern van Bommel | Laudrup | Laurent | Mandzukic | Oddo | Papin | Reina | Sosa | Ziege
20%
Górnik/Japonia Yokota | Okunuki | Kozuki | Furukawa | Nogawa
20%
Nie znaleziono quizów pasujących do podanych kryteriów
Rozkład punktacji
Procent ludzi z każdym wynikiem
Percentyl według liczby udzielonych odpowiedzi
Twoja historia wyników
Nie rozwiązałeś tego quizu